000 00637nam a2200229Ia 4500
005 20260320201955.0
008 008 262003s9999 xx 000 0 eng d
037 _aEBOOK
040 _aCRL
040 _beng
040 _cCRL
041 _2eng
041 _aeng
084 _qCRL
100 _aEyskens
_91136429
245 4 _aThe Azure Cloud Native Architecture Mapbook: Explore Microsoft Cloud’s infrastructure, application, data, and security architecture
260 _bIEEE
856 _uhttps://ieeexplore.ieee.org/servlet/opac?bknumber=10163345
942 _cEBOOK
999 _c1724592
_d1724592